Central Library OPAC University of Rajshahi
Normal view MARC view

Entry Personal Name

Number of records used in: 7

001 - CONTROL NUMBER

  • control field: 6419

003 - CONTROL NUMBER IDENTIFIER

  • control field: BD-RjUL

005 - DATE AND TIME OF LATEST TRANSACTION

  • control field: 20221223185450.0

008 - FIXED-LENGTH DATA ELEMENTS

  • fixed length control field: 221223|| aca||aabn | a|a d

040 ## - CATALOGING SOURCE

  • Original cataloging agency: BD-RjUL
  • Transcribing agency: BD-RjUL

100 ## - HEADING--PERSONAL NAME

  • Personal name: Najjār, ʻAbd al-Majīd.النجار, عبد المجيد

670 ## - SOURCE DATA FOUND

  • Source citation: Work cat.: (BD-RjUL)81012: Najjār, ʻAbd al-Majīd.النجار, عبد المجيد., Tajribat al-iṣlāḥ fī ḥarakat al-Mahdī ibn Tūmart :تجربة الإصلاح في حركة المهدي بن تومرت : الحركة الموحدية بالمغرب اوائل القرن السادس الهجري , 1995.